University Home | Library Home | Institutional Repository

The Japanese character : (Record no. 164789)

MARC details
000 -LEADER
fixed length control field 00652cam3a220018100 4500
001 - CONTROL NUMBER
control field tmp15223523
003 - CONTROL NUMBER IDENTIFIER
control field UPRA
005 - DATE AND TIME OF LATEST TRANSACTION
control field 20190826102733.0
035 ## - SYSTEM CONTROL NUMBER
System control number (Sirsi) r104948
050 ## - LIBRARY OF CONGRESS CALL NUMBER
Classification number DS 821 HAS 1938.
008 - FIXED-LENGTH DATA ELEMENTS--GENERAL INFORMATION
fixed length control field 950718s1938 ja eng u
020 ## - INTERNATIONAL STANDARD BOOK NUMBER
International Standard Book Number 08700115170
100 1# - MAIN ENTRY--PERSONAL NAME
Personal name Hasegawa, Nyozekan, 1875-1969.
Dates associated with a name Hasegawa, Nyozekan, 1875-1969.
Linkage A61944.1
245 14 - TITLE STATEMENT
Title The Japanese character :
Remainder of title a cultural profile /
Statement of responsibility, etc. Nyozekan Hasegawa ; translated by John Bester.
260 ## - PUBLICATION, DISTRIBUTION, ETC.
Place of publication, distribution, etc. Tokyo :
Name of publisher, distributor, etc. Kodansha International,
Date of publication, distribution, etc. [1938]
500 ## - GENERAL NOTE
General note Translation of Nihonteki Seikaku.
651 #0 - SUBJECT ADDED ENTRY--GEOGRAPHIC NAME
Geographic name Japan -- Civilization.
General subdivision Japan -- Civilization.
Linkage S4949.1

No items available.

© 2026 - The University of Zambia Library - Koha v25.11